000
00272nam a2200109Ia 4500
008
200302s9999 xx 000 0 und d
100
_a
Orson s. Fowler
245
_a
The Octagon House A Home for All
260
_b
Dover Publications Inc.
260
_c
1973
300
_a
192 P.,
999
_c
2198
_d
2198